000 00419nam a2200145Ia 4500
008 230917s9999||||xx |||||||||||||| ||und||
040 _e187485
_aMAIN
041 _aEnglish
082 _a005.43 I2I
100 _aIndira Gandhi National Open University
245 0 _aIntroduction to system software (CS-63). 4V.
260 _aNew Delhi
_bIndira Gandhi National Open University
_c2010
300 _av. p.
942 _cBK
999 _c161621
_d161621